La médecine égyptienne au temps des pharaons.

محفوظ في:

المؤلف الرئيسي: Leca, Ange Pierre.

التنسيق: كتاب

اللغة: French

منشور في: Paris : Dacosta, [1971].

الموضوعات:

الوسوم: إضافة وسم

لا توجد وسوم, كن أول من يضع وسما على هذه التسجيلة!

رقم الطلب: R135 .L46

LEADER 00532nam a22001937a 4500
003 OSt
005 20251124082925.0
008 251124t1971 fr a 000 0 fre d
040 |c ARCE Library 
050 1 4 |a R135  |b .L46 
100 1 |a Leca, Ange Pierre. 
245 1 3 |a La médecine égyptienne au temps des pharaons. 
264 1 |a Paris :  |b Dacosta,  |c [1971]. 
300 |a 486 p. :  |b ill. ;  |c 28 cm. 
650 0 |a Medicine, Egyptian. 
650 0 |a History of Medicine, Ancient -- Egypt. 
901 |a reviewed 
942 |2 lcc  |c BK 
999 |c 48757  |d 48757